Комплексный метод подготовки высоковязкой нефти на месторождении; Химия и химическая технология в XXI веке

Bibliografiske detaljer
Parent link:Химия и химическая технология в XXI веке.— 2018.— [С. 385-386]
Hovedforfatter: Рамзаева М. А.
Institution som forfatter: Самарский государственный технический университет (СамГТУ)
Andre forfattere: Горбунов О. Е. (научный руководитель), Землеруб Л. Е.
Summary:Заглавие с экрана
Sprog:russisk
Udgivet: 2018
Serier:Технология и моделирование процессов подготовки и переработки углеводородного сырья
Fag:
Online adgang:http://earchive.tpu.ru/handle/11683/49834
Format: MixedMaterials Electronisk Book Chapter
KOHA link:https://koha.lib.tpu.ru/cgi-bin/koha/opac-detail.pl?biblionumber=626984

MARC

LEADER 00000naa2a2200000 4500
001 626984
005 20231101133435.0
035 |a (RuTPU)RU\TPU\conf\26663 
035 |a RU\TPU\conf\26642 
090 |a 626984 
100 |a 20180809d2018 k y0rusy50 ca 
101 0 |a rus 
102 |a RU 
105 |a y z 101zy 
135 |a drcn ---uucaa 
181 0 |a i  
182 0 |a b 
200 1 |a Комплексный метод подготовки высоковязкой нефти на месторождении  |f М. А. Рамзаева, О. Е. Горбунов  |g науч. рук. Л. Е. Землеруб 
203 |a Текст  |c электронный 
225 1 |a Технология и моделирование процессов подготовки и переработки углеводородного сырья 
230 |a 1 компьютерный файл (pdf; 701 Kb) 
300 |a Заглавие с экрана 
320 |a [Библиогр.: с. 386 (4 назв.)] 
463 0 |0 (RuTPU)RU\TPU\conf\26227  |t Химия и химическая технология в XXI веке  |o материалы XIX Международной научно-практической конференции студентов и молодых ученых имени профессора Л. П. Кулёва, 21-24 мая 2018 г., г. Томск  |f Национальный исследовательский Томский политехнический университет  |v [С. 385-386]  |d 2018 
610 1 |a электронный ресурс 
610 1 |a комплексные методы 
610 1 |a подготовка нефти 
610 1 |a высоковязкие нефти 
610 1 |a пиролиз углеводородов 
610 1 |a математическое моделирование 
610 1 |a термический пиролиз 
700 1 |a Рамзаева  |b М. А. 
701 1 |a Горбунов  |b О. Е. 
702 1 |a Землеруб  |b Л. Е.  |4 727 
712 0 2 |a Самарский государственный технический университет (СамГТУ)  |c (1992- )  |2 stltpush  |3 (RuTPU)RU\TPU\col\432 
801 2 |a RU  |b 63413507  |c 20180821  |g RCR 
856 4 |u http://earchive.tpu.ru/handle/11683/49834 
942 |c BK